| 000 | 00689nam a2200217 4500 | ||
|---|---|---|---|
| 001 | 148263 | ||
| 003 | ES-MaACL | ||
| 005 | 20230906202526.0 | ||
| 007 | t| | ||
| 008 | 070214s1985 sp r ||||1| spa d | ||
| 100 | 1 |
_aStone, Lawrence. _9108308 |
|
| 245 | 1 | 3 |
_aLa crisis de la aristocracia _b: 1558-1641 / _cLawrence Stone ; versión española de Manuel Rodríguez Alonso. |
| 250 | _aEd. abreviada. | ||
| 260 |
_aMadrid : _bAlianza, _c1985. |
||
| 300 |
_a356 p. ; _c20 cm. |
||
| 490 | 1 |
_aAlianza Universidad ; _v447 |
|
| 700 | 1 |
_aRodríguez Alonso, Manuel. _998332 |
|
| 830 | 0 |
_aAlianza Universidad ; _v447 _9177276 |
|
| 852 |
_aES-MaACL _jL-10428 _bR.111782 |
||
| 999 |
_c148263 _d148263 |
||